00385nam a2200121Ia 4500008004100000041000800041100001900049245008700068260004300155300000800198500002500206700003200231250110s9999 xx 000 0 und d aeng aBhagwat Shruti aFrom Void To Vitality: An Aigorinhmic Approach To Urban Voids In Virtual Platforms bBNCA-M arch Digital Architecturec2024 a93p aDigital Architecture aGuide Name:Sardesai Kaushik